[Event "Frankfurt Ch 2006"]
[Site "Ffm-Kalbach, LAZ"]
[Date "2006.04.24"]
[Round "1.1"]
[White "Reschke, Stefan"]
[Black "Benikhis, Avram"]
[Result "1-0"]
[WhiteElo "2356"]
[BlackElo "1794"]
[PlyCount "63"]
[EventDate "2006.??.??"]

1. Nf3 c5 2. g3 b6 3. Bg2 Bb7 4. O-O Nf6 5. c4 g6 6. b3 Bg7 7. Bb2 O-O 8. d4
cxd4 9. Qxd4 Nc6 10. Qf4 Qb8 11. Qc1 d6 12. Nc3 Ne5 13. Nxe5 Bxg2 14. Kxg2 dxe5
15. Qe3 Qb7+ 16. Kg1 Rad8 17. Rad1 e4 18. h3 h5 19. Na4 Kh7 20. Bd4 Rfe8 21.
Qc1 Qc6 22. Nc3 Qe6 23. Kg2 Qc6 24. Be3 Rf8 25. Qc2 Rfe8 26. a4 a6 27. Rd2 Rxd2
28. Qxd2 e6 29. Rd1 Bf8 30. Qd4 Rb8 31. Qxf6 Bg7 32. Qf4 1-0

[Event "Frankfurt Ch 2006"]
[Site "Ffm-Kalbach, LAZ"]
[Date "2006.04.24"]
[Round "1.2"]
[White "Larem, Peter"]
[Black "Klundt, Klaus"]
[Result "0-1"]
[WhiteElo "1792"]
[BlackElo "2323"]
[PlyCount "78"]
[EventDate "2006.??.??"]

1. e4 c5 2. Nf3 Nc6 3. d4 cxd4 4. Nxd4 Nf6 5. Nc3 e5 6. Ndb5 d6 7. Bg5 a6 8.
Na3 b5 9. Nd5 Be7 10. Bxf6 Bxf6 11. c3 O-O 12. Bd3 Rb8 13. Nc2 Bg5 14. O-O Be6
15. f4 exf4 16. Nxf4 Bxf4 17. Rxf4 Qg5 18. Qd2 Ne5 19. Ne1 Rfd8 20. Rf2 Qxd2
21. Rxd2 d5 22. exd5 Rxd5 23. Rad1 Rbd8 24. Kf2 Nc4 25. Rc2 Bg4 26. Rdc1 Rxd3
27. Nxd3 Rxd3 28. Re1 Kf8 29. h3 Bd1 30. Rc1 Rd2+ 31. Kf1 Nxb2 32. Rb1 Bc2 33.
Ra1 f5 34. Re6 Be4 35. Rxa6 Nd3 36. a4 Rf2+ 37. Kg1 Rxg2+ 38. Kf1 Rh2 39. axb5
Bf3 0-1

[Event "Frankfurt Ch 2006"]
[Site "Ffm-Kalbach, LAZ"]
[Date "2006.04.24"]
[Round "1.3"]
[White "Legde, Georg"]
[Black "Enders, Georg"]
[Result "1-0"]
[WhiteElo "2311"]
[BlackElo "1791"]
[PlyCount "37"]
[EventDate "2006.??.??"]

1. d4 Nf6 2. Nf3 g6 3. c4 Bg7 4. Nc3 d5 5. Bg5 Ne4 6. cxd5 Nxc3 7. bxc3 Qxd5 8.
e3 c5 9. Be2 Nc6 10. O-O O-O 11. Bf4 Re8 12. Qa4 cxd4 13. cxd4 Bd7 14. Qa3 Bg4
15. Rab1 a6 16. Rfc1 e5 17. dxe5 Nxe5 18. Rd1 Nxf3+ 19. gxf3 1-0

[Event "Frankfurt Ch 2006"]
[Site "Ffm-Kalbach, LAZ"]
[Date "2006.04.24"]
[Round "1.4"]
[White "Gutacker, Stephan"]
[Black "Loos, Roland"]
[Result "0-1"]
[WhiteElo "1789"]
[BlackElo "2307"]
[PlyCount "58"]
[EventDate "2006.??.??"]

1. e4 c6 2. d4 d5 3. Nd2 dxe4 4. Nxe4 Bf5 5. Ng3 Bg6 6. Nf3 Nf6 7. Ne5 Nbd7 8.
f4 e6 9. h4 Ne4 10. Nxe4 Bxe4 11. Be3 Nf6 12. Qd2 Nd5 13. Bf2 Qf6 14. Bg3 Nb4
15. Nd3 Qxd4 16. Bf2 Qd5 17. Be3 Bxd3 18. Bxd3 Nxd3+ 19. Qxd3 Qxd3 20. cxd3 Be7
21. g4 h5 22. g5 O-O 23. O-O-O Rfd8 24. Kc2 Rd5 25. a3 Kh7 26. b4 a5 27. Rb1
axb4 28. axb4 Ra2+ 29. Kc3 Ra3+ 0-1

[Event "Frankfurt Ch 2006"]
[Site "Ffm-Kalbach, LAZ"]
[Date "2006.04.24"]
[Round "1.5"]
[White "Lisanti, Andre"]
[Black "Matthis, Peter"]
[Result "1-0"]
[WhiteElo "2281"]
[BlackElo "1786"]
[PlyCount "43"]
[EventDate "2006.??.??"]

1. e4 c6 2. d4 d5 3. Nc3 dxe4 4. Nxe4 Bf5 5. Ng3 Bg6 6. h4 h6 7. h5 Bh7 8. Nf3
Nd7 9. Bd3 Bxd3 10. Qxd3 Qc7 11. Bd2 Ngf6 12. O-O-O e6 13. Kb1 O-O-O 14. Ne4
Nc5 15. Nxc5 Bxc5 16. Qc4 Bd6 17. Qa4 Kb8 18. Ba5 b6 19. Be1 e5 20. dxe5 Bxe5
21. Bd2 Rhe8 22. Nxe5 1-0

[Event "Frankfurt Ch 2006"]
[Site "Ffm-Kalbach, LAZ"]
[Date "2006.04.24"]
[Round "1.7"]
[White "Solonar, Stefan"]
[Black "Krohne, Robert"]
[Result "1-0"]
[WhiteElo "2264"]
[BlackElo "1784"]
[PlyCount "57"]
[EventDate "2006.??.??"]

1. c4 c5 2. Nf3 Nf6 3. Nc3 Nc6 4. d4 cxd4 5. Nxd4 g6 6. e4 Bg7 7. Be3 d6 8. Be2
O-O 9. O-O Bd7 10. Nc2 Rc8 11. Qd2 a6 12. f3 Ne5 13. Na3 Be6 14. Nd5 Bxd5 15.
exd5 Qd7 16. h3 Qd8 17. b4 Nh5 18. Kh2 f5 19. f4 Nd7 20. Rac1 Nhf6 21. Bf3 Qe8
22. Qd3 e5 23. dxe6 Qxe6 24. Bxb7 Rb8 25. Bxa6 Rxb4 26. c5 d5 27. c6 Ra4 28.
Bb5 Re4 29. Bg1 1-0

[Event "Frankfurt Ch 2006"]
[Site "Ffm-Kalbach, LAZ"]
[Date "2006.04.24"]
[Round "1.8"]
[White "Weiland, Thomas"]
[Black "Isserman, Ryhor"]
[Result "1/2-1/2"]
[WhiteElo "1781"]
[BlackElo "2254"]
[PlyCount "148"]
[EventDate "2006.??.??"]

1. e4 c5 2. Nf3 Nc6 3. c3 d5 4. exd5 Qxd5 5. Na3 Bg4 6. Be2 e6 7. O-O Nf6 8.
Re1 Be7 9. Nc2 Bh5 10. d4 Rd8 11. Ne3 Qd6 12. Nc4 Qc7 13. Nce5 O-O 14. Nxc6
bxc6 15. Qa4 cxd4 16. Nxd4 Bxe2 17. Nxe2 c5 18. Qc4 Nd5 19. Qg4 f5 20. Qc4 e5
21. f3 Kh8 22. Ng3 Qd6 23. Nf1 Nb6 24. Qe2 Bh4 25. g3 Bf6 26. Be3 Qc6 27. Bf2
Rde8 28. Nd2 Bg5 29. Rad1 Bxd2 30. Rxd2 e4 31. fxe4 fxe4 32. Qh5 Nd7 33. Qd5
Qxd5 34. Rxd5 Ne5 35. Re2 c4 36. Bxa7 Nd3 37. a4 Ra8 38. Rd7 Ne5 39. Rc7 Rfe8
40. Kg2 Nf3 41. a5 Kg8 42. Bb6 Ne5 43. Rxe4 Nd3 44. Rxe8+ Rxe8 45. Rxc4 Re2+
46. Kh3 Rxb2 47. Rc7 Ra2 48. c4 h5 49. Rd7 Ne5 50. Rd8+ Kf7 51. Rd5 Ke6 52. Bc7
Nf3 53. Rxh5 Rxh2+ 54. Kg4 Rxh5 55. Kxh5 Kd7 56. Bf4 Kc6 57. Kg6 Ne1 58. Kxg7
Nd3 59. Kf6 Nb2 60. a6 Nxc4 61. a7 Kb7 62. Bb8 Ne3 63. Kg5 Nd5 64. Kh6 Ne3 65.
Kg6 Ng4 66. Kf5 Nf2 67. Ke5 Ng4+ 68. Ke4 Nf6+ 69. Kf3 Ka8 70. Be5 Nd7 71. Bd4
Nf8 72. g4 Kb7 73. Ke4 Ne6 74. Be3 Nf8 1/2-1/2

[Event "Frankfurt Ch 2006"]
[Site "Ffm-Kalbach, LAZ"]
[Date "2006.04.24"]
[Round "1.9"]
[White "Schlamp, Robert"]
[Black "Fischer, Manfred"]
[Result "1-0"]
[WhiteElo "2228"]
[BlackElo "1779"]
[PlyCount "59"]
[EventDate "2006.??.??"]

1. e4 c5 2. d4 cxd4 3. c3 dxc3 4. Nxc3 Nc6 5. Nf3 e6 6. Bc4 Qc7 7. O-O Nf6 8.
Nb5 Qb8 9. e5 Nxe5 10. Nxe5 Qxe5 11. Re1 Qb8 12. Qd4 d6 13. Bf4 Bd7 14. Nxd6+
Bxd6 15. Bxd6 Qd8 16. Rad1 Qb6 17. Qe5 Rc8 18. Bb3 h5 19. Qg5 Rg8 20. h3 Rc6
21. Ba3 Rc7 22. Qe5 Rh8 23. Rd6 Rc6 24. Rxc6 Qxc6 25. Qb8+ Qc8 26. Qd6 Qd8 27.
Rd1 a6 28. Qg3 Rg8 29. Bxe6 fxe6 30. Qg6# 1-0

[Event "Frankfurt Ch 2006"]
[Site "Ffm-Kalbach, LAZ"]
[Date "2006.04.24"]
[Round "1.10"]
[White "Mahnke, Ralf"]
[Black "Wahedi, Ahmad Siar"]
[Result "0-1"]
[WhiteElo "1776"]
[BlackElo "2206"]
[PlyCount "58"]
[EventDate "2006.??.??"]

1. d4 d5 2. c4 c6 3. cxd5 cxd5 4. Nf3 Nc6 5. e3 Nf6 6. Bd3 Bg4 7. O-O e6 8. Nc3
Bd6 9. a3 O-O 10. b4 Rc8 11. Bb2 e5 12. dxe5 Nxe5 13. Be2 Nc4 14. Na4 b5 15.
Bxf6 Qxf6 16. Nc5 Bxc5 17. bxc5 Rxc5 18. Nd4 Bxe2 19. Qxe2 Rb8 20. Rfb1 a6 21.
Rb4 Nxa3 22. Qa2 Nc2 23. Nxc2 Rxc2 24. Qxc2 Qxa1+ 25. Rb1 Qf6 26. Qc7 Qb6 27.
Qd7 Qb7 28. Qd6 b4 29. Ra1 b3 0-1

[Event "Frankfurt Ch 2006"]
[Site "Ffm-Kalbach, LAZ"]
[Date "2006.04.24"]
[Round "1.11"]
[White "Gramlich, Sebastian"]
[Black "Rotermund, Verena"]
[Result "1-0"]
[WhiteElo "2184"]
[BlackElo "1757"]
[PlyCount "59"]
[EventDate "2006.??.??"]

1. d4 d6 2. e4 Nf6 3. Nc3 g6 4. Bc4 Bg7 5. Qe2 e5 6. Bg5 Nc6 7. dxe5 Nxe5 8.
Bb3 h6 9. Bh4 O-O 10. O-O-O Qe8 11. f4 Nc6 12. Nf3 Nh5 13. Nd5 Bg4 14. h3 Bxf3
15. Qxf3 g5 16. Qxh5 gxh4 17. Qg4 Kh8 18. Rhe1 Qd8 19. Ne3 Qf6 20. c3 Qg6 21.
Qxh4 Bf6 22. Qf2 Ne7 23. g4 Rad8 24. h4 c6 25. g5 hxg5 26. hxg5 Bg7 27. Rh1+
Kg8 28. f5 Qxg5 29. Rdg1 Qf6 30. Qh2 1-0

[Event "Frankfurt Ch 2006"]
[Site "Ffm-Kalbach, LAZ"]
[Date "2006.04.24"]
[Round "1.12"]
[White "Bender, Manfred"]
[Black "Uwira, Oliver"]
[Result "0-1"]
[WhiteElo "1739"]
[BlackElo "2169"]
[PlyCount "62"]
[EventDate "2006.??.??"]

1. d4 d5 2. c4 Nc6 3. Nf3 Bg4 4. e3 e5 5. dxe5 dxc4 6. Be2 Qxd1+ 7. Bxd1 O-O-O
8. O-O Bxf3 9. Bxf3 Nxe5 10. Be2 Bb4 11. b3 cxb3 12. axb3 Nc6 13. Bb2 f6 14.
Bc3 Bxc3 15. Nxc3 Kb8 16. Bf3 Nge7 17. Na4 b6 18. Rfc1 Ne5 19. Be2 Rd2 20. Kf1
Rhd8 21. h3 Nd5 22. Nc3 Nxc3 23. Rxc3 Rb2 24. f4 Rdd2 25. Bb5 Nf7 26. Rac1 c5
27. Bc6 Nd6 28. Bf3 Nf5 29. Ke1 Nh4 30. b4 Nxf3+ 31. gxf3 Rh2 0-1

[Event "Frankfurt Ch 2006"]
[Site "Ffm-Kalbach, LAZ"]
[Date "2006.04.24"]
[Round "1.13"]
[White "Sadeghi, Behrang"]
[Black "Nagel, Norbert"]
[Result "1-0"]
[WhiteElo "2168"]
[BlackElo "1720"]
[PlyCount "37"]
[EventDate "2006.??.??"]

1. e4 d5 2. exd5 Qxd5 3. Nc3 Qa5 4. d4 c6 5. Bc4 Bf5 6. Qe2 e6 7. Nf3 Nf6 8.
Bd2 Nbd7 9. d5 cxd5 10. Nxd5 Qd8 11. Nxf6+ Qxf6 12. O-O-O a6 13. Bg5 Qg6 14.
Rxd7 Bg4 15. Qd2 f6 16. Be3 Qe4 17. Rd4 Qf5 18. Nh4 Qh5 19. h3 1-0

[Event "Frankfurt Ch 2006"]
[Site "Ffm-Kalbach, LAZ"]
[Date "2006.04.24"]
[Round "1.14"]
[White "Jacob, Christiane"]
[Black "Brüggemann, Ludger"]
[Result "0-1"]
[WhiteElo "1713"]
[BlackElo "2158"]
[PlyCount "68"]
[EventDate "2006.??.??"]

1. d4 Nf6 2. c4 d6 3. Nc3 g6 4. Nf3 Bg4 5. h3 Bxf3 6. gxf3 Bg7 7. e4 Nbd7 8.
Be2 e5 9. d5 Nh5 10. h4 Nf4 11. Bf1 h5 12. Ne2 Nxe2 13. Bxe2 Bf6 14. Qb3 b6 15.
Be3 Bxh4 16. Rxh4 Qxh4 17. O-O-O Qe7 18. Qa4 O-O 19. Rg1 Kh7 20. Qd1 Rh8 21.
Bg5 f6 22. Bd2 Rag8 23. f4 exf4 24. Bxh5 Qxe4 25. Be2 Ne5 26. Bc3 f3 27. Bf1
Kg7 28. Qa4 Rh2 29. Bxe5 Qe1+ 30. Kc2 Rxf2+ 31. Kb3 Qd1+ 32. Kb4 Qxa4+ 33. Kxa4
fxe5 34. Bd3 Kf6 0-1

[Event "Frankfurt Ch 2006"]
[Site "Ffm-Kalbach, LAZ"]
[Date "2006.04.24"]
[Round "1.15"]
[White "Garbe, Ralf"]
[Black "Hitzer, Dieter"]
[Result "1/2-1/2"]
[WhiteElo "2157"]
[BlackElo "1711"]
[PlyCount "59"]
[EventDate "2006.??.??"]

1. Nf3 Nf6 2. d4 e6 3. Bg5 h6 4. Bh4 Be7 5. Nbd2 d5 6. e3 b6 7. c3 Bb7 8. Bd3
O-O 9. Ne5 Nfd7 10. Bxe7 Qxe7 11. O-O Nxe5 12. dxe5 Ba6 13. Bxa6 Nxa6 14. Qe2
Nc5 15. f4 f5 16. exf6 Rxf6 17. e4 Qf7 18. g3 Qg6 19. Rae1 Raf8 20. Kh1 Qf7 21.
e5 Rf5 22. b4 Na4 23. Qe3 c5 24. Kg1 Qe7 25. a3 Rc8 26. g4 Rff8 27. f5 cxb4 28.
cxb4 Rc3 29. Qd4 exf5 30. Qxd5+ 1/2-1/2

[Event "Frankfurt Ch 2006"]
[Site "Ffm-Kalbach, LAZ"]
[Date "2006.04.24"]
[Round "1.16"]
[White "Krischak, Werner"]
[Black "Branda, Ralf"]
[Result "0-1"]
[WhiteElo "1709"]
[BlackElo "2116"]
[PlyCount "68"]
[EventDate "2006.??.??"]

1. d4 Nf6 2. c4 e6 3. Nf3 b6 4. e3 Bb7 5. Bd3 Be7 6. Nc3 O-O 7. O-O d5 8. cxd5
exd5 9. Qc2 Nbd7 10. e4 dxe4 11. Nxe4 Nxe4 12. Bxe4 Bxe4 13. Qxe4 Nf6 14. Qc2
Nd5 15. Bd2 Bf6 16. Rfe1 Rc8 17. Qb3 c5 18. Rac1 Qd6 19. dxc5 bxc5 20. Qc2 Nf4
21. Bxf4 Qxf4 22. Re4 Qb8 23. b3 Bd4 24. Rh4 g6 25. Ng5 Bf6 26. Rg4 h5 27. Rg3
Be5 28. Rh3 Bf4 29. Rxh5 Bxc1 30. Nxf7 Qb6 31. Rh8+ Kxf7 32. Qc4+ Kg7 33. Rxf8
Rxf8 34. Qxc1 Qf6 0-1

[Event "Frankfurt Ch 2006"]
[Site "Ffm-Kalbach, LAZ"]
[Date "2006.04.24"]
[Round "1.17"]
[White "Seidel, Andre"]
[Black "Bauer, Timo"]
[Result "1-0"]
[WhiteElo "2094"]
[BlackElo "1707"]
[PlyCount "71"]
[EventDate "2006.??.??"]

1. Nf3 g6 2. d4 Nf6 3. c3 b6 4. Bg5 Bb7 5. Nbd2 d5 6. e3 Qc8 7. Bd3 Ne4 8. Bh4
Bg7 9. Qa4+ Nd7 10. O-O Nxd2 11. Nxd2 e6 12. e4 O-O 13. exd5 exd5 14. Rfe1 Re8
15. Rxe8+ Qxe8 16. Bb5 c6 17. Bxc6 Bxc6 18. Qxc6 Nf6 19. Qxe8+ Rxe8 20. Kf1 Ne4
21. Nxe4 Rxe4 22. Bg3 Bh6 23. Re1 f5 24. f3 Rxe1+ 25. Bxe1 Bc1 26. b3 b5 27.
Ke2 Kf7 28. Bd2 Ba3 29. b4 Ke6 30. Kd3 a5 31. bxa5 Bd6 32. a6 Bb8 33. Bf4 Ba7
34. Bc1 Kd7 35. Ba3 Bb8 36. Bc5 1-0

[Event "Frankfurt Ch 2006"]
[Site "Ffm-Kalbach, LAZ"]
[Date "2006.04.24"]
[Round "1.18"]
[White "Stricker, Konstantin"]
[Black "Minor, Samuel"]
[Result "0-1"]
[WhiteElo "1703"]
[BlackElo "2092"]
[PlyCount "120"]
[EventDate "2006.??.??"]

1. e4 e6 2. d4 d5 3. exd5 exd5 4. Bd3 Bd6 5. Nf3 Ne7 6. O-O Nbc6 7. c3 Bg4 8.
Re1 Qd7 9. Nbd2 O-O-O 10. b4 Kb8 11. a4 h5 12. a5 Nc8 13. b5 N6e7 14. c4 dxc4
15. Nxc4 Bb4 16. Nce5 Qe8 17. Bd2 Bxd2 18. Qxd2 f6 19. Nc6+ bxc6 20. bxc6 Nd6
21. Rab1+ Ka8 22. Ba6 Bxf3 23. gxf3 Qg6+ 24. Kf1 Nd5 25. Qb2 Rb8 26. Bb7+ Rxb7
27. cxb7+ Kb8 28. Qd2 Qf5 29. Rb3 g5 30. Ke2 Nc4 31. Qc1 Re8+ 32. Kd1 Rxe1+ 33.
Kxe1 Nxa5 34. Rb5 Nxb7 35. Qc6 Qc8 36. Rxd5 Qf8 37. Rb5 Qc8 38. Qxf6 c6 39.
Rxg5 a5 40. Qf4+ Ka7 41. Qf7 Qd8 42. Rxh5 a4 43. Qc4 a3 44. Qa4+ Kb8 45. Qxa3
Qxd4 46. Qf8+ Ka7 47. Qa3+ Kb8 48. Qb3 Qg7 49. Rh4 Kc7 50. Qd3 Kb8 51. Rh7 Qa1+
52. Ke2 Qb2+ 53. Kf1 Qc1+ 54. Ke2 Qb2+ 55. Ke1 Qa1+ 56. Qd1 Qa5+ 57. Kf1 Qb5+
58. Kg1 Qg5+ 59. Kh1 Qf5 60. Rh8+ Kc7 0-1

[Event "Frankfurt Ch 2006"]
[Site "Ffm-Kalbach, LAZ"]
[Date "2006.04.24"]
[Round "1.19"]
[White "Schwenkreis, Thomas"]
[Black "Kronenburg, Bernd"]
[Result "1-0"]
[WhiteElo "2090"]
[BlackElo "1695"]
[PlyCount "85"]
[EventDate "2006.??.??"]

1. Nf3 e6 2. b3 Nf6 3. Bb2 c5 4. e3 Nc6 5. Be2 d5 6. d3 Be7 7. O-O O-O 8. Nbd2
a6 9. a4 b6 10. Re1 Bb7 11. Nf1 Qc7 12. Ng3 Rad8 13. Bf1 Ng4 14. d4 f5 15. h3
Nf6 16. Ne2 Bd6 17. g3 Ne4 18. Nf4 Bxf4 19. exf4 cxd4 20. Nxd4 Nxd4 21. Qxd4
Rf7 22. Rac1 Qc5 23. Kg2 Rc8 24. f3 Nc3 25. Qxc5 Rxc5 26. Ra1 Bc8 27. Bd3 Rfc7
28. h4 g6 29. h5 a5 30. Rh1 d4 31. hxg6 hxg6 32. Rh6 Rg7 33. Rah1 Rcc7 34. Rh8+
Kf7 35. Ba3 g5 36. Bd6 Rc6 37. Rf8+ Kg6 38. Be5 Nd5 39. fxg5 Rh7 40. Rg8+ Kf7
41. Rxh7+ Kxg8 42. g6 Ne3+ 43. Kh3 1-0

[Event "Frankfurt Ch 2006"]
[Site "Ffm-Kalbach, LAZ"]
[Date "2006.04.24"]
[Round "1.20"]
[White "Makilla, Tobias"]
[Black "Kayser, Felix"]
[Result "0-1"]
[WhiteElo "1682"]
[BlackElo "2083"]
[PlyCount "102"]
[EventDate "2006.??.??"]

1. e4 c5 2. Nf3 a6 3. c4 e6 4. Nc3 Nc6 5. h3 Nge7 6. d4 cxd4 7. Nxd4 Qc7 8. a3
f5 9. exf5 Nxd4 10. Qxd4 Nxf5 11. Qe4 Be7 12. Bd3 Qc6 13. O-O Qxe4 14. Bxe4 O-O
15. b4 Bf6 16. Bb2 Nd6 17. Bd3 b5 18. cxb5 axb5 19. Nd1 Bb7 20. Bxf6 gxf6 21.
Nc3 Bc6 22. Rfd1 f5 23. Be2 Ne4 24. Nxe4 fxe4 25. Rd6 Kf7 26. Rdd1 Ra4 27. f3
exf3 28. Bxf3 Bxf3 29. gxf3 Ke7 30. Rd3 Rfa8 31. Rad1 R8a7 32. Kg2 Rxa3 33.
Rxa3 Rxa3 34. Rd4 Rb3 35. Rh4 d5 36. Rxh7+ Kf6 37. Rh4 e5 38. Rh6+ Kg5 39. Rd6
d4 40. Rd5 Kf4 41. Rxb5 Rb2+ 42. Kg1 Kg3 43. Kf1 Kxf3 44. Ke1 e4 45. h4 d3 46.
Kd1 Ke3 47. Kc1 Rc2+ 48. Kd1 Rh2 49. Kc1 d2+ 50. Kc2 Rh1 51. Rd5 Rc1+ 0-1

[Event "Frankfurt Ch 2006"]
[Site "Ffm-Kalbach, LAZ"]
[Date "2006.04.24"]
[Round "1.21"]
[White "Wanie, Karsten"]
[Black "Schwabe, Manfred"]
[Result "1-0"]
[WhiteElo "2055"]
[BlackElo "1680"]
[PlyCount "71"]
[EventDate "2006.??.??"]

1. d4 Nf6 2. c4 d5 3. cxd5 c6 4. dxc6 Nxc6 5. Nf3 e5 6. dxe5 Qxd1+ 7. Kxd1 Ng4
8. Ke1 Bc5 9. e3 Ngxe5 10. Nxe5 Nxe5 11. Bb5+ Bd7 12. Bxd7+ Kxd7 13. Ke2 Rhd8
14. Bd2 f6 15. Ba5 b6 16. Bc3 Ke6 17. Nd2 Rd7 18. Nb3 Rc8 19. Rhd1 Rdc7 20.
Nd4+ Bxd4 21. Rxd4 h5 22. Rad1 Rc6 23. f4 Nf7 24. e4 g6 25. Rd5 Nd6 26. Kf3 a6
27. Bb4 Nxe4 28. Kxe4 Rc4+ 29. R5d4 a5 30. Bc3 f5+ 31. Kd3 Rxd4+ 32. Bxd4 b5
33. Re1+ Kf7 34. Re5 Rb8 35. Rc5 Rb7 36. Rc6 1-0

[Event "Frankfurt Ch 2006"]
[Site "Ffm-Kalbach, LAZ"]
[Date "2006.04.24"]
[Round "1.22"]
[White "Fisher, Jonathan"]
[Black "Svitek, Volker"]
[Result "0-1"]
[WhiteElo "1672"]
[BlackElo "2045"]
[PlyCount "74"]
[EventDate "2006.??.??"]

1. e4 c5 2. Nc3 Nc6 3. g3 g6 4. d3 Bg7 5. Be3 d6 6. Bg2 e5 7. Qd2 Nge7 8. Bh6
O-O 9. Nge2 Be6 10. Bxg7 Kxg7 11. O-O Qd7 12. f4 f5 13. Nd1 Nd4 14. Nc1 fxe4
15. dxe4 exf4 16. gxf4 d5 17. c3 Ndc6 18. e5 Rad8 19. Nd3 b6 20. N1f2 d4 21.
Rad1 dxc3 22. Qxc3 Nd4 23. Rfe1 Nd5 24. Qc1 Qf7 25. Ne4 Nxf4 26. Nxf4 Qxf4 27.
Ng5 Qg4 28. Nxe6+ Qxe6 29. Qg5 h6 30. Qe3 Nc2 31. Qg3 Nxe1 32. Rxe1 Rde8 33.
Bh3 Qe7 34. Qc3 Qg5+ 35. Kh1 Qf4 36. e6+ Qf6 37. e7 Rf7 0-1

[Event "Frankfurt Ch 2006"]
[Site "Ffm-Kalbach, LAZ"]
[Date "2006.04.24"]
[Round "1.23"]
[White "Kabir, Razaul"]
[Black "Ullmann, Stefan"]
[Result "1-0"]
[WhiteElo "2024"]
[BlackElo "1667"]
[PlyCount "45"]
[EventDate "2006.??.??"]

1. e4 e6 2. d4 d5 3. Nc3 Bb4 4. e5 c5 5. a3 Bxc3+ 6. bxc3 Ne7 7. Qg4 cxd4 8.
Bd3 Qc7 9. Ne2 Nbc6 10. cxd4 Bd7 11. O-O Ng6 12. h4 O-O-O 13. a4 Na5 14. h5
Nxe5 15. dxe5 Qxe5 16. Bf4 Qf6 17. Bg5 e5 18. Qg3 Qd6 19. Bxd8 Rxd8 20. Qxg7 e4
21. Bb5 Be6 22. Nd4 f5 23. Qf6 1-0

[Event "Frankfurt Ch 2006"]
[Site "Ffm-Kalbach, LAZ"]
[Date "2006.04.24"]
[Round "1.24"]
[White "Gehlhar, Michael"]
[Black "Kreiling, Carsten"]
[Result "0-1"]
[WhiteElo "1661"]
[BlackElo "2018"]
[PlyCount "40"]
[EventDate "2006.??.??"]

1. Nf3 Nf6 2. c4 e6 3. g3 d5 4. Bg2 Be7 5. O-O O-O 6. b3 b6 7. Bb2 Bb7 8. d3 c5
9. e3 Nc6 10. cxd5 Nxd5 11. d4 Rc8 12. Na3 Ba6 13. Re1 Bf6 14. Nc2 Ndb4 15.
Nxb4 Nxb4 16. Bf1 Bxf1 17. Rxf1 Qd5 18. Qe2 cxd4 19. Nxd4 Bxd4 20. Bxd4 e5 0-1

[Event "Frankfurt Ch 2006"]
[Site "Ffm-Kalbach, LAZ"]
[Date "2006.04.24"]
[Round "1.25"]
[White "Noble, Alexander"]
[Black "Rondio, Thomas"]
[Result "0-1"]
[WhiteElo "2008"]
[BlackElo "1646"]
[PlyCount "58"]
[EventDate "2006.??.??"]

1. d4 Nf6 2. c4 e6 3. Nc3 Bb4 4. e3 O-O 5. Nge2 d5 6. a3 Be7 7. Ng3 c5 8. cxd5
Nxd5 9. Bd3 cxd4 10. exd4 Nc6 11. Qh5 Nf6 12. Qd1 Nxd4 13. Be3 Nc6 14. Qe2 Nd5
15. Nxd5 Qxd5 16. Rd1 Qa5+ 17. Kf1 Qe5 18. f4 Qc7 19. Rc1 Qd8 20. Kf2 Nd4 21.
Bxh7+ Kxh7 22. Qh5+ Kg8 23. Rhd1 g6 24. Qh6 Bf6 25. Nh5 gxh5 26. Rc5 e5 27.
Rxe5 Bxe5 28. fxe5 Qh4+ 29. Kf1 Nf5 0-1

[Event "Frankfurt Ch 2006"]
[Site "Ffm-Kalbach, LAZ"]
[Date "2006.04.24"]
[Round "1.26"]
[White "Petersen, Gerd"]
[Black "Orwatsch, Gerhard"]
[Result "0-1"]
[WhiteElo "1632"]
[BlackElo "2005"]
[PlyCount "102"]
[EventDate "2006.??.??"]

1. Nf3 d5 2. d4 g6 3. g3 Bg7 4. Bg2 Nh6 5. O-O O-O 6. Bf4 f6 7. Qc1 Nf7 8. Nbd2
e5 9. dxe5 fxe5 10. Be3 d4 11. Bxd4 exd4 12. Rd1 Qe7 13. Re1 Nc6 14. Nb3 Qf6
15. Rf1 a5 16. Rb1 a4 17. Nc5 Ra5 18. Nd3 Be6 19. a3 Ba2 20. Ra1 Bd5 21. Rb1
Bh6 22. Qe1 Ng5 23. Nde5 Nxf3+ 24. Nxf3 Rc5 25. Qd1 Be4 26. Ne1 Bxg2 27. Kxg2
Rf5 28. Nd3 Ne5 29. Qe1 c5 30. b3 axb3 31. cxb3 b5 32. Nxe5 Qxe5 33. Rd1 Qd5+
34. e4 Qc6 35. Rd3 Re5 36. f3 Be3 37. Qd1 c4 38. Qc2 Rc8 39. bxc4 bxc4 40. Rdd1
c3 41. a4 Qc4 42. h4 Bd2 43. f4 Qe2+ 44. Kh3 Rxe4 45. h5 Qxh5+ 46. Kg2 Re2+ 47.
Rf2 Qd5+ 48. Kf1 Rxf2+ 49. Kxf2 d3 50. Rxd2 dxc2 51. Rxd5 c1=Q 0-1

[Event "Frankfurt Ch 2006"]
[Site "Ffm-Kalbach, LAZ"]
[Date "2006.04.24"]
[Round "1.27"]
[White "Czech, Ludwig"]
[Black "Liebske, Erwin"]
[Result "1-0"]
[WhiteElo "2004"]
[BlackElo "1617"]
[PlyCount "97"]
[EventDate "2006.??.??"]

1. c4 e6 2. Nf3 d5 3. g3 Nf6 4. Bg2 Be7 5. O-O O-O 6. b3 d4 7. e3 dxe3 8. fxe3
c5 9. Bb2 Nc6 10. Ne5 Nxe5 11. Bxe5 Nd7 12. Bc3 Bf6 13. d4 cxd4 14. exd4 Rb8
15. Nd2 Nb6 16. Nf3 Qc7 17. Qc2 Bd7 18. Rad1 Bc6 19. Qf2 Nc8 20. Bd2 Bxf3 21.
Bxf3 b6 22. Bg2 Ne7 23. Bf4 e5 24. dxe5 Bxe5 25. Bxe5 Qxe5 26. Rd7 Qe6 27. Rxa7
Nc8 28. Bd5 Nxa7 29. Bxe6 fxe6 30. Qe3 Rfe8 31. Qf3 Re7 32. a4 Rbe8 33. Qe4 Nc8
34. Qd4 h6 35. c5 bxc5 36. Qxc5 e5 37. Re1 Re6 38. Re3 e4 39. b4 Nd6 40. b5 Rc8
41. Qd5 Kf7 42. Re1 Ke7 43. b6 Rc2 44. Qb3 Rc8 45. a5 Rb8 46. a6 Nb5 47. Qxb5
Rbxb6 48. Qc5+ Kf6 49. Rf1+ 1-0

[Event "Frankfurt Ch 2006"]
[Site "Ffm-Kalbach, LAZ"]
[Date "2006.04.24"]
[Round "1.28"]
[White "Ebertz, Michael"]
[Black "Hupprich, Thorsten"]
[Result "1/2-1/2"]
[WhiteElo "1611"]
[BlackElo "2003"]
[PlyCount "120"]
[EventDate "2006.??.??"]

1. e4 e5 2. Nf3 Nc6 3. Bc4 Nf6 4. Ng5 d5 5. exd5 Na5 6. Bb5+ c6 7. dxc6 bxc6 8.
Qf3 h6 9. Ne4 Nd5 10. Bd3 Be7 11. Nbc3 O-O 12. Ng3 Nf4 13. Nf5 Bc5 14. Ne4
Nxd3+ 15. cxd3 Bd4 16. Nxd4 Qxd4 17. Qe3 Rd8 18. Qxd4 Rxd4 19. b3 Rxd3 20. Bb2
Bf5 21. Ng3 Bg6 22. Bc3 Nb7 23. O-O f6 24. Rfe1 Kf7 25. Re3 c5 26. Rae1 a5 27.
Rxd3 Bxd3 28. Re3 c4 29. bxc4 Bxc4 30. a3 Nd6 31. Ne4 Nb5 32. a4 Nxc3 33. Nd6+
Kg6 34. Nxc4 Nxa4 35. Ra3 Rb8 36. Kf1 Nc5 37. Nxa5 Ne6 38. Rb3 Ra8 39. Ra3 Nd4
40. Nc4 Rb8 41. f3 Rb1+ 42. Kf2 Rc1 43. Rc3 Rxc3 44. dxc3 Nb5 45. Ne3 Nxc3 46.
g3 Nb5 47. Nd5 Nd4 48. f4 exf4 49. Nxf4+ Kf5 50. Ke3 Ne6 51. h3 g5 52. Nd5 Ke5
53. Nc3 Nc7 54. Kf3 f5 55. Ne2 Nd5 56. Nc1 Kd4 57. Ne2+ Kd3 58. Nc1+ Kc4 59.
Ne2 Nc3 60. Nc1 Ne4 1/2-1/2

[Event "Frankfurt Ch 2006"]
[Site "Ffm-Kalbach, LAZ"]
[Date "2006.04.24"]
[Round "1.29"]
[White "Graebner, Walter"]
[Black "Jordake, Michael"]
[Result "1-0"]
[WhiteElo "1997"]
[BlackElo "1572"]
[PlyCount "55"]
[EventDate "2006.??.??"]

1. d4 Nf6 2. Nf3 d5 3. c4 g6 4. Nc3 Bg7 5. e3 O-O 6. Bd2 c6 7. Bd3 dxc4 8. Bxc4
Nbd7 9. O-O Nb6 10. Bd3 Bg4 11. h3 Bxf3 12. Qxf3 Rc8 13. Rfd1 Re8 14. Ne4 Nxe4
15. Bxe4 Nc4 16. Bc3 Nd6 17. Bc2 Qc7 18. Bb3 e5 19. dxe5 Bxe5 20. Bxe5 Rxe5 21.
Qf6 Ne8 22. Bxf7+ Qxf7 23. Qxe5 Ng7 24. Rd2 Nf5 25. Rad1 Rf8 26. Rd7 Qxa2 27.
Rxb7 Qa4 28. Rdd7 1-0

[Event "Frankfurt Ch 2006"]
[Site "Ffm-Kalbach, LAZ"]
[Date "2006.04.24"]
[Round "1.30"]
[White "Plattner, Rolf"]
[Black "Völker, Sebastian"]
[Result "1/2-1/2"]
[WhiteElo "1557"]
[BlackElo "1992"]
[PlyCount "57"]
[EventDate "2006.??.??"]

1. e4 c6 2. d4 d5 3. Nc3 dxe4 4. Nxe4 Nf6 5. Nxf6+ gxf6 6. g3 Bf5 7. Bg2 Na6 8.
c3 Qd7 9. Be3 h5 10. h4 Nc7 11. Ne2 Nd5 12. Bd2 e5 13. dxe5 fxe5 14. Bg5 f6 15.
Bxd5 fxg5 16. Bg2 g4 17. Qxd7+ Kxd7 18. Rd1+ Kc7 19. Nc1 Bh6 20. Nd3 Rae8 21.
Nc5 e4 22. Ke2 Re5 23. Nb3 Rb5 24. Rd4 Re8 25. Rhd1 a5 26. Rc4 Bg7 27. Rc5 Re5
28. Rxe5 Bxe5 29. Rd2 1/2-1/2